İnsan olmak (Record no. 3542)

MARC details
000 -BAŞLIK
Sabit Uzunlukta Kontrol Alanı 00849na a2200289 4500
001 - KONTROL NUMARASI
Denetim Alanı 12955
003 - KONTROL NUMARASI IDENTIFIER
Denetim Alanı MIRAKIL
005 - SON İŞLEM TARİHİ VE ZAMANI
Denetim Alanı 20181213154935.0
008 - SABİT-BOY VERİ ELEMANLARI - GENEL BİLGİLER
Sabit Uzunlukta Kontrol Alanı 161012b tu 000 0
020 ## - ULUSLARARASI STANDART KİTAP NUMARASI
Uluslararası Standart Kitap Numarası 9786058928817
035 ## - SİSTEM KONTROL NUMARASI
Sistem Kontrol Numarası 12955
040 ## - KATALOGLAMA KAYNAK
Orijinal Kataloglama Ajansı Milas
Kataloglama Dili tur
Metne Dönüştürmek Ajansı TR-AnCHP
041 ## - DİL KODU
Metin / Ses Parça Veya Ayrı Başlığın Dil Kodu tur
082 ## - DEWEY ONLU SINIFLANDIRMA NUMARASI
Sınıflandırma Numarası 233.11
Ürün Numarası C25i 2009
090 ## - SINIFLAMA NUMARASI
Sınıflama Numarası 233.11 C25i 2009
100 ## - ANA GİRİŞ - KİŞİSEL İSİM
Kişisel Ad Canbulan, Mehmet
245 ## - BAŞLIK TABLOSU
Başlık İnsan olmak
Başlığın Kalan Yaratılış ve yaratılışın ölüm ve hayatın gerçek amacı
Sorumluluk Tablosu, Vb Mehmet Canbulan
246 ## - UNVAN FORM VARYING
Başlık Doğru / Kısa Başlığı Yaratılış ve yaratılışın ölüm ve hayatın gerçek amacı
260 ## - YAYIN, DAĞITIM, VB
Yayın, Dağıtım, Vb Yeri Ankara
Yayıncı, Dağıtıcı, Vs Adı [yayl.y.]
Yayın, Dağıtım, Vb Tarihi 2009
Üretici Firma Emek Ofset
300 ## - FİZİKSEL TANIM
Kapsam 487 s.
Boyutlar 24 sm.
440 ## - SERİSİ TABLOSU / KATMA GİRİŞİ - BAŞLIK
Başlık Arayış ve İnceleme dizisi
490 ## - SERİSİ TABLOSU
Seri Beyanı Sen-Tez
Hacim / Ardışık Tanımı 5
650 ## - KONU KATMA GİRİŞ - TOPİKAL DÖNEM
Topikal Süreli Veya Coğrafi Ad Giriş Elemanı Din
650 ## - KONU KATMA GİRİŞ - TOPİKAL DÖNEM
Topikal Süreli Veya Coğrafi Ad Giriş Elemanı İslam
Genel Alt Bölümü İnsanlık
650 ## - KONU KATMA GİRİŞ - TOPİKAL DÖNEM
Topikal Süreli Veya Coğrafi Ad Giriş Elemanı İslam
Genel Alt Bölümü Yaratılış
942 ## - EKLENDİ GİRİŞ ELEMANLARI (KOHA)
Sınıflandırma Veya Raf Düzeni Kaynak Dewey Decimal Classification
Koha Öğesi Türü Books
999 ## - SİSTEM KONTROL NUMARALARI (KOHA)
Koha Biblionumber 3542
Koha Biblioitemnumber 3542
Holdings
Kalıcı Konum Mevcut Konum Edinme Tarihi Edinim Kaynak Toplam Check-Out'Lar Tam Çağrı Numarası Barkod Tarih Son Görülme İtibaren Geçerli Fiyatlar Koha Öğesi Türü
CHP Kütüphanesi CHP Kütüphanesi 08/03/2016 Bağış   233.11 C25i 2009 000499 08/03/2016 08/03/2016 Books